<?xml version="1.0" encoding="UTF-8"?>
<collection xmlns="http://www.loc.gov/MARC21/slim">
 <record>
  <leader>01067nta a2200229 i 4500</leader>
  <controlfield tag="001">dokt4398</controlfield>
  <controlfield tag="005">20220330101514.0</controlfield>
  <controlfield tag="008">220330s1997    hu      om    0||   hun d</controlfield>
  <datafield tag="040" ind1=" " ind2=" ">
   <subfield code="a">SZTE Doktori Repozitórium</subfield>
   <subfield code="b">hun</subfield>
  </datafield>
  <datafield tag="041" ind1=" " ind2=" ">
   <subfield code="a">hun</subfield>
  </datafield>
  <datafield tag="100" ind1="1" ind2=" ">
   <subfield code="a">Horváth Gábor</subfield>
  </datafield>
  <datafield tag="245" ind1="1" ind2="0">
   <subfield code="a">Geminivírus replikációs fehérjék vizsgálata az élesztő kettős-hibrid rendszerben </subfield>
   <subfield code="h">[elektronikus dokumentum] :</subfield>
   <subfield code="b">Egyetemi doktori fokozatának PhD fokozattá történő átminősítésére benyújtott tézis /</subfield>
   <subfield code="c"> Horváth Gábor</subfield>
  </datafield>
  <datafield tag="260" ind1=" " ind2=" ">
   <subfield code="c">1997</subfield>
  </datafield>
  <datafield tag="502" ind1=" " ind2=" ">
   <subfield code="a">Disszertacio</subfield>
  </datafield>
  <datafield tag="650" ind1=" " ind2="4">
   <subfield code="a">biológiai tudományok</subfield>
  </datafield>
  <datafield tag="650" ind1=" " ind2="4">
   <subfield code="a">Természettudományok</subfield>
  </datafield>
  <datafield tag="650" ind1=" " ind2="4">
   <subfield code="a">Biológiai tudományok</subfield>
  </datafield>
  <datafield tag="695" ind1=" " ind2=" ">
   <subfield code="a">Biológia</subfield>
  </datafield>
  <datafield tag="700" ind1="1" ind2=" ">
   <subfield code="a">nincs megadva</subfield>
   <subfield code="e">ths</subfield>
  </datafield>
  <datafield tag="856" ind1="4" ind2="0">
   <subfield code="u">https://doktori.bibl.u-szeged.hu/id/eprint/4398/1/1997_horvath_gabor_tezis.pdf</subfield>
   <subfield code="z">Dokumentum-elérés </subfield>
  </datafield>
  <datafield tag="856" ind1="4" ind2="0">
   <subfield code="u">https://doktori.bibl.u-szeged.hu/id/eprint/4398/2/1997_horvath_gabor_biralat.pdf</subfield>
   <subfield code="z">Dokumentum-elérés </subfield>
  </datafield>
  <datafield tag="856" ind1="4" ind2="0">
   <subfield code="u">https://doktori.bibl.u-szeged.hu/id/eprint/4398/3/1997_horvath_gabor_publikaciok.pdf</subfield>
   <subfield code="z">Dokumentum-elérés </subfield>
  </datafield>
 </record>
</collection>
